[Event "Pretoria USSA op"]
[Site "Pretoria"]
[Date "2013.12.05"]
[Round "6"]
[White "Mndaweni, Derrick"]
[Black "Long How, Peter K"]
[Result "0-1"]
[WhiteElo "1530"]
[BlackElo "1846"]
[PlyCount "122"]
[EventDate "2013.12.02"]
[EventType "swiss"]
[EventRounds "9"]
[EventCountry "RSA"]
[SourceTitle "CBM 158 Extra"]
[Source "ChessBase"]
[SourceDate "2014.02.28"]
[SourceVersion "1"]
[SourceVersionDate "2014.02.28"]
[SourceQuality "1"]

1. b3 d5 2. Bb2 e6 3. e3 Nf6 4. Nf3 c5 5. c4 Nc6 6. cxd5 exd5 7. Bb5 Bd7 8. 0-0 Be7 9. d3 0-0 10. Nbd2 a6 11. Bxc6 Bxc6 12. Ne5 Rc8 13. f4 Re8 14. Ndf3 Bf8 15. Nxc6 Rxc6 16. Ne5 Rce6 17. Rf3 Nd7 18. Ng4 h5 19. f5 hxg4 20. fxe6 gxf3 21. exd7 Rxe3 22. gxf3 Qxd7 23. Kf2 d4 24. Bc1 Re5 25. Bf4 Rh5 26. Qg1 Qf5 27. Qg4 g6 28. Rg1 Kh7 29. Qxf5 Rxf5 30. Bc7 Bh6 31. Rg4 Rd5 32. Re4 Rd7 33. Bb6 Bf8 34. Re5 Bd6 35. Re4 Re7 36. Rh4+ Kg7 37. b4 Re5 38. a4 Be7 39. Re4 Rxe4 40. fxe4 cxb4 41. Bxd4+ Kf8 42. Ke2 b3 43. Bb2 Ke8 44. Kd2 Bb4+ 45. Kc1 b5 46. axb5 a5 47. b6 Kd7 48. Be5 Kc6 49. Kb2 a4 50. Bc7 Bc5 51. h4 Bxb6 52. Bxb6 Kxb6 53. d4 Kb5 54. Kc3 Kc6 55. Kb2 Kd6 56. Kc3 Ke6 57. Kb2 f5 58. d5+ Ke5 59. d6 Kxd6 60. exf5 gxf5 61. h5 Ke6 0-1